De nuevo sobre el Derecho comunitario, el personal de alta dirección y el Fondo de Garantía Salarial (Registro nro. 26453)
[ vista simple ]
| 000 -CABECERA | |
|---|---|
| Longitud fija campo de control | 01017naa a2200289 c 4500 |
| 001 - NÚMERO DE CONTROL | |
| Número de control | 26453 |
| 003 - IDENTIFICADOR DE NÚMERO DE CONTROL | |
| Identificador del número de control | ES-MaCES |
| 005 - FECHA Y HORA DE LA ÚLTIMA TRANSACCIÓN | |
| Fecha y hora de la última transacción | 19981124120700.0 |
| 008 - CAMPO FIJO DE DESCRIPCIÓN FIJA--INFORMACIÓN GENERAL | |
| Códigos de información de longitud fija | 940216n1993 sp ||| | spa d |
| 035 ## - NÚMERO DE CONTROL DEL SISTEMA | |
| Número de control del sistema | CES19980003878v |
| 040 ## - FUENTE DE CATALOGACIÓN | |
| Centro catalogador de origen | ES-MaCES |
| Lengua de catalogación | spa |
| Centro transcriptor | ES-MaCES |
| 100 1# - ENCABEZAMIENTO PRINCIPAL--NOMBRE PERSONAL | |
| Nombre de persona | Alonso García, Ricardo |
| 9 (RLIN) | 6018 |
| 245 10 - MENCIÓN DE TÍTULO | |
| Título | De nuevo sobre el Derecho comunitario, el personal de alta dirección y el Fondo de Garantía Salarial |
| Mención de responsabilidad, etc. | Ricardo Alonso García |
| 650 #4 - ASIENTO SECUNDARIO DE MATERIA--TÉRMINO DE MATERIA | |
| Término de materia o nombre geográfico como elemento inicial | derecho comunitario |
| 9 (RLIN) | 29866 |
| 650 #4 - ASIENTO SECUNDARIO DE MATERIA--TÉRMINO DE MATERIA | |
| Término de materia o nombre geográfico como elemento inicial | España |
| 9 (RLIN) | 26964 |
| 650 #4 - ASIENTO SECUNDARIO DE MATERIA--TÉRMINO DE MATERIA | |
| Término de materia o nombre geográfico como elemento inicial | aplicación |
| 9 (RLIN) | 29859 |
| 650 #4 - ASIENTO SECUNDARIO DE MATERIA--TÉRMINO DE MATERIA | |
| Término de materia o nombre geográfico como elemento inicial | Directiva de la CE |
| 9 (RLIN) | 29873 |
| 650 #4 - ASIENTO SECUNDARIO DE MATERIA--TÉRMINO DE MATERIA | |
| Término de materia o nombre geográfico como elemento inicial | FOGASA |
| 9 (RLIN) | 30871 |
| 650 #4 - ASIENTO SECUNDARIO DE MATERIA--TÉRMINO DE MATERIA | |
| Término de materia o nombre geográfico como elemento inicial | salario |
| 9 (RLIN) | 28387 |
| 650 #4 - ASIENTO SECUNDARIO DE MATERIA--TÉRMINO DE MATERIA | |
| Término de materia o nombre geográfico como elemento inicial | quiebra |
| 9 (RLIN) | 28275 |
| 650 #4 - ASIENTO SECUNDARIO DE MATERIA--TÉRMINO DE MATERIA | |
| Término de materia o nombre geográfico como elemento inicial | alta dirección |
| 9 (RLIN) | 28192 |
| 653 10 - TÉRMINO DE INDEXACIÓN--NO CONTROLADO | |
| Término no controlado | Derecho del trabajo y Seguridad Social |
| 773 0# - ENTRADA DE DOCUMENTO FUENTE | |
| Título | Revista española de Derecho del trabajo |
| Parte(s) relacionada(s) | Madrid. - N. 57 (en.-feb. 1993) ; p. 43-59 |
| Número de control del registro relacionado | (ES-MaCES)25060 |
| 902 ## - CES. TIPO DE DOCUMENTO | |
| Tipodoc (006$c Sirtex) | ART Artículo de revista |
| 942 ## - ELEMENTOS KOHA | |
| Fuente de clasificaión o esquema | Clasificación propia del CES |
| Koha [por defecto] tipo de item | Artículos (1982-2017) |
| Parte de clasificación | 6.0.1. |
No hay ítems disponibles.
